000 01013nam a2200289 a 4500
001 42792
003 BD-RjUL
005 20211209053607.0
008 160615s1957 enka 001 0 eng d
020 _c(V-2)
020 _c(V-1)
035 _a(BD-RjUL) 42910
040 _aVKCVKC
_cVKC
_dRCD
_dBD-RjUL
_beng
041 _aeng
082 _222
_a330
_bWIC 1957
100 1 _aWicksteed, Philip H.
_q(Philip Henry),
_d1844-1927.
_9131511
245 1 4 _aThe common sense of political economy and selected papers and reviews on economic theory /
_cPhilip H. Wicksteed ; edited by Lionel Robbins
250 _a[Rev. and enl. ed.]
260 _aLondon :
_bRoutledge & K. Paul,
_c1933 [Impression 1957]
300 _aVol. :
_bill. ;
_c21 cm.
500 _aLabel on t.p.: Reprints of economic classics. New York, A.M. Kelley, 1966.
500 _aIncludes index
505 0 _aVol. 2--- V. 1---
650 0 _aEconomics.
_9131512
700 1 _aRobbins, Lionel Robbins,
_cBaron,
_d1898-1984.
_9131513
942 _2ddc
_cBK
999 _c42792
_d42792